[Event "1.a HSL 19"]
[Site "Mali Losinj"]
[Date "2019.10.03"]
[Round "6.12"]
[White "Saric, Ivan"]
[Black "Dreev, Aleksey"]
[Result "0-1"]
[WhiteElo "2667"]
[BlackElo "2661"]
[PlyCount "108"]
[EventDate "2019.??.??"]
[WhiteTeam "Šk Liburnija Rijeka"]
[BlackTeam "Šk Petar Sedlar Pepe Kaštel Novi"]

1. e4 c5 2. Nf3 e6 3. d4 cxd4 4. Nxd4 Nf6 5. Nc3 Nc6 6. Nxc6 bxc6 7. e5 Nd5 8.
Ne4 Qc7 9. f4 Qb6 10. c4 Bb4+ 11. Ke2 f5 12. Nf2 Ba6 13. Kf3 Ne7 14. Be3 Bc5
15. Bxc5 Qxc5 16. Qd6 Qb6 17. b3 c5 18. Be2 Rc8 19. Rad1 Qxd6 20. Rxd6 Bb7+ 21.
Ke3 g5 22. Bh5+ Ng6 23. fxg5 Bxg2 24. Rhd1 f4+ 25. Ke2 Bc6 26. Ng4 Ke7 27. Kf2
Rcf8 28. Nf6 Nxe5 29. Bf3 Bd5 30. cxd5 Kxd6 31. dxe6+ Kxe6 32. Nxd7 Rd8 33.
Nxc5+ Kf5 34. Be4+ Kg4 35. Bd5 Kh4 36. Rd4 Rhe8 37. h3 Kxg5 38. b4 Ng6 39. Nb7
Rd7 40. Nc5 Rdd8 41. Nb7 Rd7 42. Nc5 Rd6 43. Nb7 Rb6 44. Bg2 f3 45. Bxf3 Rf8
46. Rd5+ Rf5 47. Rxf5+ Kxf5 48. a3 Ne5 49. Bd5 Ra6 50. Be4+ Kf4 51. Bxh7 Rxa3
52. h4 Rh3 53. Nc5 Rh2+ 54. Ke1 Ke3 0-1

[Event "1.a HSL 19"]
[Site "Mali Losinj"]
[Date "2019.10.03"]
[Round "6.14"]
[White "Kuljasevic, Davorin"]
[Black "Loncar, Robert"]
[Result "1-0"]
[WhiteElo "2550"]
[BlackElo "2406"]
[PlyCount "113"]
[EventDate "2019.??.??"]
[WhiteTeam "Šk Liburnija Rijeka"]
[BlackTeam "Šk Petar Sedlar Pepe Kaštel Novi"]

1. d4 d5 2. c4 c6 3. Nf3 e6 4. e3 Nf6 5. b3 Bb4+ 6. Nbd2 O-O 7. Bd3 c5 8. Bb2
cxd4 9. exd4 Nc6 10. O-O b6 11. Qe2 Bb7 12. Rfd1 a5 13. a4 Ne7 14. h3 Ng6 15.
Qe3 Bd6 16. Ne5 Nxe5 17. dxe5 Bc5 18. Qg3 Nh5 19. Qg4 g6 20. Nf3 Qe7 21. Re1
Rfe8 22. Bc1 dxc4 23. Bxc4 Bxf3 24. Qxf3 Qc7 25. Bb5 Red8 26. Bg5 Be7 27. Rac1
Qa7 28. Be3 Rac8 29. Rxc8 Rxc8 30. Rd1 Rd8 31. Rxd8+ Bxd8 32. Qc6 Ng7 33. Qc8
Qc7 34. Qa8 Nf5 35. Bg5 Ne7 36. g4 h6 37. Bf6 Kh7 38. Kg2 Kg8 39. Kh2 Kh7 40.
Kg1 Nc8 41. Bxd8 Qxd8 42. Ba6 Qd1+ 43. Kg2 Ne7 44. Qe8 Nd5 45. Qxf7+ Kh8 46.
Qf8+ Kh7 47. Qf7+ Kh8 48. Bc4 Qd4 49. Qe8+ Kg7 50. Qd7+ Kf8 51. Bxd5 exd5 52.
Qd6+ Kg7 53. Qf6+ Kh7 54. Qf7+ Kh8 55. Qxg6 Qxe5 56. Qxh6+ Kg8 57. Qg6+ 1-0

[Event "1.a HSL 19"]
[Site "Mali Losinj"]
[Date "2019.10.03"]
[Round "6.15"]
[White "Sale, Srdjan"]
[Black "Jovanic, Ognjen"]
[Result "1/2-1/2"]
[WhiteElo "2428"]
[BlackElo "2532"]
[PlyCount "88"]
[EventDate "2019.??.??"]
[WhiteTeam "Šk Petar Sedlar Pepe Kaštel Novi"]
[BlackTeam "Šk Liburnija Rijeka"]

1. f4 d5 2. Nf3 g6 3. g3 Bg7 4. Bg2 c6 5. c3 Nf6 6. O-O O-O 7. Kh1 Nbd7 8. d3
Qc7 9. Na3 Re8 10. Nc2 e5 11. f5 e4 12. Nh4 Nf8 13. Bg5 Qe5 14. Ne3 exd3 15.
exd3 h6 16. Bxf6 Qxe3 17. fxg6 fxg6 18. d4 Bxf6 19. Rxf6 Qe7 20. Rf2 g5 21. Nf3
Bg4 22. Qc2 Qh7 23. Qxh7+ Nxh7 24. Ne5 Be6 25. Re1 Rad8 26. Kg1 Kg7 27. a4 Nf6
28. a5 Ng4 29. Rfe2 Nxe5 30. Rxe5 Bd7 31. b4 Rxe5 32. Rxe5 Re8 33. Rxe8 Bxe8
34. Bh3 Kf6 35. Kf2 Ke7 36. Kf3 Bh5+ 37. Ke3 b5 38. Bf5 Kd6 39. h4 Ke7 40. Bh3
Kd6 41. Bf5 Ke7 42. Bh3 Kd6 43. Bf5 Ke7 44. Bh3 Kd6 1/2-1/2

[Event "1.a HSL 19"]
[Site "Mali Losinj"]
[Date "2019.10.03"]
[Round "6.16"]
[White "Plenca, Jadranko"]
[Black "Medak, Bojan"]
[Result "1/2-1/2"]
[WhiteElo "2469"]
[BlackElo "2351"]
[PlyCount "112"]
[EventDate "2019.??.??"]
[WhiteTeam "Šk Liburnija Rijeka"]
[BlackTeam "Šk Petar Sedlar Pepe Kaštel Novi"]

1. e4 d6 2. d4 g6 3. Nc3 Nf6 4. Nf3 Bg7 5. h3 O-O 6. Be3 c6 7. a4 Nbd7 8. Be2
e5 9. dxe5 dxe5 10. Qd6 Re8 11. Bc4 Qe7 12. Qxe7 Rxe7 13. a5 Nf8 14. O-O Be6
15. Bd3 Nh5 16. Rfd1 h6 17. Na4 Nd7 18. Rd2 Ree8 19. Bc4 Nhf6 20. Bxe6 Rxe6 21.
Rad1 Nf8 22. Rd8 Rxd8 23. Rxd8 b6 24. a6 c5 25. Nc3 b5 26. Bxc5 Rxa6 27. Nxe5
Ra1+ 28. Kh2 Nxe4 29. Rxf8+ Bxf8 30. Nxe4 Bxc5 31. Nxc5 Rc1 32. c3 Rc2 33. Ned3
a5 34. Kg3 a4 35. Ne4 f5 36. Nec5 a3 37. bxa3 Rxc3 38. Kf4 Rxa3 39. Ke5 Kg7 40.
Kd5 Ra2 41. Kc6 Ra1 42. Kxb5 Rg1 43. g3 g5 44. Kc6 Rh1 45. Kd5 Rxh3 46. Ke5 f4
47. gxf4 gxf4 48. Kxf4 h5 49. Ne5 Kf6 50. Ne4+ Ke7 51. Ng3 Rh2 52. f3 Ke6 53.
Ne4 Rh4+ 54. Kg5 Rxe4 55. fxe4 Kxe5 56. Kxh5 Kxe4 1/2-1/2

[Event "1.a HSL 19"]
[Site "Mali Losinj"]
[Date "2019.10.03"]
[Round "6.21"]
[White "Lysyj, Igor"]
[Black "Kryvoruchko, Yuriy"]
[Result "1/2-1/2"]
[WhiteElo "2596"]
[BlackElo "2669"]
[PlyCount "59"]
[EventDate "2019.??.??"]
[WhiteTeam "Šk Ferit-Osijek Osijek"]
[BlackTeam "Šk Zagreb Zagreb"]

1. d4 Nf6 2. c4 e6 3. Nf3 d5 4. g3 dxc4 5. Bg2 c5 6. O-O Nc6 7. dxc5 Qxd1 8.
Rxd1 Bxc5 9. Nbd2 c3 10. bxc3 O-O 11. Nb3 Be7 12. Nfd4 Bd7 13. Nb5 Ne5 14. Ba3
Bxa3 15. Nxa3 Rac8 16. Bxb7 Rxc3 17. Rac1 Rxc1 18. Rxc1 Rb8 19. Na5 Kf8 20. Rc5
Ng6 21. N3c4 Ne8 22. e4 e5 23. Nxe5 Nxe5 24. Rxe5 Nd6 25. Bc6 Be6 26. Nb3 Bxb3
27. axb3 Rxb3 28. Rd5 Ke7 29. Ra5 Nc8 30. Bd5 1/2-1/2

[Event "1.a HSL 19"]
[Site "Mali Losinj"]
[Date "2019.10.03"]
[Round "6.22"]
[White "Malakhov, Vladimir"]
[Black "Hracek, Zbynek"]
[Result "1/2-1/2"]
[WhiteElo "2662"]
[BlackElo "2572"]
[PlyCount "81"]
[EventDate "2019.??.??"]
[WhiteTeam "Šk Zagreb Zagreb"]
[BlackTeam "Šk Ferit-Osijek Osijek"]

1. Nf3 d5 2. g3 Bg4 3. Bg2 Nd7 4. c4 c6 5. cxd5 cxd5 6. Nc3 e6 7. Qb3 Bxf3 8.
Bxf3 Qb6 9. Qxb6 Nxb6 10. b3 Ne7 11. Bb2 Nc6 12. e3 Be7 13. O-O-O O-O 14. Kb1
Rac8 15. Rc1 Rfd8 16. d4 a6 17. h4 Na7 18. Be2 Rc7 19. Rc2 Rdc8 20. Rhc1 Nc6
21. h5 Kf8 22. f4 Nd7 23. Bf3 Bd6 24. g4 Ne7 25. Nd1 Rxc2 26. Rxc2 Rxc2 27.
Kxc2 f5 28. g5 Nc6 29. Nf2 h6 30. gxh6 gxh6 31. a3 Nf6 32. Nd3 Ne4 33. b4 b6
34. Bc3 Nxc3 35. Kxc3 a5 36. Be2 axb4+ 37. axb4 Ke7 38. Kb3 b5 39. Kc3 Na7 40.
Kb3 Kd7 41. Nc5+ 1/2-1/2

[Event "1.a HSL 19"]
[Site "Mali Losinj"]
[Date "2019.10.03"]
[Round "6.24"]
[White "Kozul, Zdenko"]
[Black "Zivkovic, Vjekoslav"]
[Result "1-0"]
[WhiteElo "2569"]
[BlackElo "2362"]
[PlyCount "63"]
[EventDate "2019.??.??"]
[WhiteTeam "Šk Zagreb Zagreb"]
[BlackTeam "Šk Ferit-Osijek Osijek"]

1. d4 d5 2. c4 e6 3. Nf3 Nf6 4. Nc3 a6 5. e3 Be7 6. b3 O-O 7. Bb2 b6 8. cxd5
exd5 9. Bd3 Bb7 10. O-O Nbd7 11. Ne5 Bd6 12. f4 Ne4 13. a4 Ndf6 14. f5 c5 15.
Nxe4 dxe4 16. Bc4 Qe7 17. Ng4 Rad8 18. Qe2 Kh8 19. Nxf6 gxf6 20. Qh5 b5 21.
axb5 axb5 22. Bxb5 cxd4 23. Bxd4 Bc5 24. Bxc5 Qxc5 25. Qh6 Qb6 26. Bc4 Rg8 27.
Bxf7 Rg7 28. Be6 Rd2 29. Rf2 Rxf2 30. Kxf2 Qd6 31. Ra2 Qf8 32. Rd2 1-0

[Event "1.a HSL 19"]
[Site "Mali Losinj"]
[Date "2019.10.03"]
[Round "6.25"]
[White "Mrkonjic, Nenad"]
[Black "Palac, Mladen"]
[Result "0-1"]
[WhiteElo "2343"]
[BlackElo "2544"]
[PlyCount "82"]
[EventDate "2019.??.??"]
[WhiteTeam "Šk Ferit-Osijek Osijek"]
[BlackTeam "Šk Zagreb Zagreb"]

1. d4 e6 2. c4 Nf6 3. Nf3 b6 4. e3 Bb7 5. Be2 Be7 6. Nc3 O-O 7. Qc2 d5 8. cxd5
exd5 9. Bd3 c5 10. O-O Nc6 11. Qd1 Re8 12. b3 cxd4 13. exd4 Bb4 14. Ne2 Ne4 15.
a3 Bd6 16. b4 a5 17. bxa5 Nxa5 18. Bb5 Bc6 19. Bxc6 Nxc6 20. a4 b5 21. Be3 b4
22. Nd2 Nxd2 23. Qxd2 Na5 24. Qd3 Nc4 25. Ra2 Qb8 26. Rb1 Bxh2+ 27. Kf1 Bd6 28.
Nc3 Qb7 29. Nd1 Qc6 30. g3 Rxa4 31. Rxa4 Qxa4 32. Kg2 Qd7 33. Bd2 Rb8 34. Ne3
Nxe3+ 35. Bxe3 h5 36. Rb3 Ra8 37. Bd2 Ra3 38. Rxa3 bxa3 39. Qa6 Kh7 40. Bc1 Qe7
41. Kf1 g6 0-1

[Event "1.a HSL 19"]
[Site "Mali Losinj"]
[Date "2019.10.03"]
[Round "6.26"]
[White "Zelcic, Robert"]
[Black "Feletar, Darko"]
[Result "1-0"]
[WhiteElo "2503"]
[BlackElo "2356"]
[PlyCount "125"]
[EventDate "2019.??.??"]
[WhiteTeam "Šk Zagreb Zagreb"]
[BlackTeam "Šk Ferit-Osijek Osijek"]

1. e4 c5 2. Nf3 d6 3. d4 Nf6 4. Nc3 cxd4 5. Qxd4 a6 6. Bg5 Nc6 7. Qd2 e6 8.
O-O-O h6 9. Bh4 Bd7 10. Qe1 Qa5 11. Kb1 Be7 12. Bg3 Ne5 13. Nd2 g5 14. h4 Rg8
15. hxg5 hxg5 16. Nc4 Qc7 17. Nxe5 dxe5 18. f3 Rc8 19. Rh6 Bc6 20. Bd3 Nd7 21.
Qh1 Bf6 22. Qh2 Ke7 23. Bc4 Rh8 24. Rxh8 Rxh8 25. Qg1 b5 26. Bb3 Rb8 27. Nd5+
exd5 28. exd5 Bxd5 29. Bxd5 Rc8 30. Be4 Nc5 31. Bf5 Rd8 32. Rxd8 Kxd8 33. Bf2
Be7 34. Be3 Qd6 35. Qc1 f6 36. Qe1 Kc7 37. b3 Nb7 38. Qc3+ Qc6 39. Qe1 Bc5 40.
Be4 Qd6 41. Bd2 Qd4 42. c3 Qg1 43. Qxg1 Bxg1 44. Bxb7 Kxb7 45. Kc2 Kc6 46. Kd3
Kd5 47. g4 Bf2 48. c4+ bxc4+ 49. bxc4+ Ke6 50. Ke4 Bc5 51. Ba5 Ba7 52. Bb4 Bb6
53. c5 Bd8 54. c6 a5 55. Bc5 a4 56. Kd3 Kd5 57. Be7 Bc7 58. Bxf6 Kxc6 59. Ke4
Kc5 60. Bxg5 Bd6 61. Bh6 Kb4 62. g5 Be7 63. g6 1-0

[Event "1.a HSL 19"]
[Site "Mali Losinj"]
[Date "2019.10.03"]
[Round "6.31"]
[White "Fedorchuk, Sergey A."]
[Black "Saric, Ibro"]
[Result "1/2-1/2"]
[WhiteElo "2621"]
[BlackElo "2564"]
[PlyCount "37"]
[EventDate "2019.??.??"]
[WhiteTeam "Hašk Mladost Zagreb"]
[BlackTeam "Šk Mornar Split"]

1. e4 e5 2. Nf3 Nf6 3. Nxe5 d6 4. Nf3 Nxe4 5. Nc3 Nf6 6. d4 Be7 7. Bd3 O-O 8.
O-O Re8 9. Re1 Nbd7 10. h3 a6 11. Nh4 Nf8 12. Nf5 Bxf5 13. Bxf5 d5 14. Bg5 c6
15. Qf3 N6d7 16. Bxe7 Rxe7 17. Re3 g6 18. Bxd7 Qxd7 19. Rae1 1/2-1/2

[Event "1.a HSL 19"]
[Site "Mali Losinj"]
[Date "2019.10.03"]
[Round "6.32"]
[White "Saric, Ante"]
[Black "Livaic, Leon"]
[Result "1/2-1/2"]
[WhiteElo "2559"]
[BlackElo "2493"]
[PlyCount "49"]
[EventDate "2019.??.??"]
[WhiteTeam "Šk Mornar Split"]
[BlackTeam "Hašk Mladost Zagreb"]

1. Nf3 Nf6 2. c4 e6 3. g3 a6 4. e3 b6 5. Bg2 Bb7 6. b3 c5 7. Bb2 Be7 8. Nc3 O-O
9. O-O Qc7 10. d3 d6 11. Qe2 Nbd7 12. Ne1 d5 13. f4 Rad8 14. cxd5 Nxd5 15. Ne4
N5f6 16. Nf2 b5 17. Nf3 Nd5 18. Rac1 Qa5 19. e4 Nb4 20. a3 Nc6 21. h4 Qb6 22.
Kh2 a5 23. Qe3 c4 24. d4 cxb3 25. Qxb3 1/2-1/2

[Event "1.a HSL 19"]
[Site "Mali Losinj"]
[Date "2019.10.03"]
[Round "6.33"]
[White "Plat, Vojtech"]
[Black "Galyas, Miklos"]
[Result "1-0"]
[WhiteElo "2576"]
[BlackElo "2474"]
[PlyCount "89"]
[EventDate "2019.??.??"]
[WhiteTeam "Hašk Mladost Zagreb"]
[BlackTeam "Šk Mornar Split"]

1. e4 e6 2. d3 d5 3. Nd2 Nf6 4. g3 dxe4 5. dxe4 Bc5 6. Qe2 e5 7. Nb3 Bd6 8. Nf3
O-O 9. Nfd2 a5 10. a4 b6 11. Nc4 Bb7 12. f3 Nbd7 13. Be3 Qe7 14. Qf2 Qe6 15. h4
Ba6 16. Nxd6 cxd6 17. Bh3 Qc4 18. Rd1 d5 19. exd5 Qxa4 20. g4 Rfd8 21. g5 Nh5
22. Bg4 Nf4 23. Qd2 Nd3+ 24. cxd3 Qxb3 25. g6 Qxd5 26. gxh7+ Kh8 27. Bf5 Nc5
28. Qg2 Nxd3+ 29. Bxd3 Bxd3 30. Rg1 g6 31. h5 Qe6 32. Qg5 Rd7 33. hxg6 fxg6 34.
Bd2 Re8 35. Bc3 Qf5 36. Qe3 Bb5 37. Rxd7 Bxd7 38. Rg5 Qb1+ 39. Kf2 Bf5 40. Rg1
Qc2+ 41. Kg3 Kxh7 42. Rh1+ Kg8 43. Qxb6 Be6 44. Qc6 Re7 45. Qa8+ 1-0

[Event "1.a HSL 19"]
[Site "Mali Losinj"]
[Date "2019.10.03"]
[Round "6.35"]
[White "Rogulj, Branko"]
[Black "Bobanac, Miro"]
[Result "1-0"]
[WhiteElo "2400"]
[BlackElo "2257"]
[PlyCount "61"]
[EventDate "2019.??.??"]
[WhiteTeam "Hašk Mladost Zagreb"]
[BlackTeam "Šk Mornar Split"]

1. e4 c5 2. Nc3 a6 3. g3 b5 4. Bg2 Bb7 5. Nge2 e6 6. O-O Nc6 7. d4 cxd4 8. Nxd4
Nf6 9. e5 Ng8 10. Nxc6 Bxc6 11. Bxc6 dxc6 12. Qf3 Qc7 13. Ne4 Rd8 14. Bf4 h6
15. h4 Be7 16. h5 Rd5 17. c4 bxc4 18. Rac1 Rxe5 19. Qc3 Bf6 20. Nxf6+ gxf6 21.
Rce1 Rh7 22. Qxc4 Ne7 23. Bxe5 fxe5 24. Qxa6 f6 25. Rc1 Rg7 26. Rc3 Rg5 27. Rd1
e4 28. Qa8+ Kf7 29. Rd8 Ra5 30. Rf8+ Kg7 31. Qe8 1-0

[Event "1.a HSL 19"]
[Site "Mali Losinj"]
[Date "2019.10.03"]
[Round "6.41"]
[White "Georgiev, Kiril"]
[Black "Ponkratov, Pavel"]
[Result "1/2-1/2"]
[WhiteElo "2581"]
[BlackElo "2644"]
[PlyCount "87"]
[EventDate "2019.??.??"]
[WhiteTeam "Šk Vukovar '91 Vukovar"]
[BlackTeam "Gšk Solin-Cemex Solin"]

1. d4 Nf6 2. Nf3 e6 3. g3 b5 4. Bg2 Bb7 5. O-O c5 6. c3 Na6 7. Bg5 Be7 8. Nbd2
O-O 9. e3 h6 10. Bxf6 Bxf6 11. Qe2 cxd4 12. cxd4 Qb6 13. Rfc1 Rfc8 14. Ne1 Bxg2
15. Kxg2 Nb4 16. a3 Nc6 17. Ne4 Be7 18. Nd3 Rc7 19. d5 Na5 20. Rxc7 Qxc7 21.
Rd1 Re8 22. Qh5 Nc4 23. dxe6 dxe6 24. b3 Nd6 25. Nec5 Rd8 26. Qf3 Nf5 27. Rc1
Bxc5 28. Nxc5 Qe5 29. e4 Nd6 30. Qd3 Qb2 31. Qc3 Qxc3 32. Rxc3 Kf8 33. f4 Ke7
34. e5 Nf5 35. Ne4 Rd4 36. Kf3 Kd7 37. Nc5+ Kd8 38. g4 Ne7 39. Rd3 Rxd3+ 40.
Nxd3 Kd7 41. Ke4 g6 42. h3 a5 43. b4 a4 44. Nc1 1/2-1/2

[Event "1.a HSL 19"]
[Site "Mali Losinj"]
[Date "2019.10.03"]
[Round "6.42"]
[White "Martinovic, Sasa"]
[Black "Shchekachev, Andrei"]
[Result "1/2-1/2"]
[WhiteElo "2539"]
[BlackElo "2526"]
[PlyCount "57"]
[EventDate "2019.??.??"]
[WhiteTeam "Gšk Solin-Cemex Solin"]
[BlackTeam "Šk Vukovar '91 Vukovar"]

1. d4 Nf6 2. c4 e6 3. Nf3 b6 4. e3 Bb7 5. Nc3 Bb4 6. Bd2 Bxc3 7. Bxc3 Ne4 8.
Rc1 d6 9. Bd3 Nxc3 10. Rxc3 Nd7 11. e4 O-O 12. O-O Qe7 13. Re1 e5 14. d5 a5 15.
Bc2 Nc5 16. b3 Bc8 17. a3 Bd7 18. Qb1 Ra7 19. b4 Nb7 20. Qb2 Rfa8 21. Bb1 g6
22. h3 f6 23. Ree3 Kh8 24. Kh2 Qg7 25. Ne1 Rf8 26. Rg3 Qh6 27. Nd3 f5 28. exf5
Bxf5 29. Qe2 1/2-1/2

[Event "1.a HSL 19"]
[Site "Mali Losinj"]
[Date "2019.10.03"]
[Round "6.43"]
[White "Muse, Drazen"]
[Black "Cvitan, Ognjen"]
[Result "0-1"]
[WhiteElo "2357"]
[BlackElo "2489"]
[PlyCount "58"]
[EventDate "2019.??.??"]
[WhiteTeam "Šk Vukovar '91 Vukovar"]
[BlackTeam "Gšk Solin-Cemex Solin"]

1. Nf3 Nf6 2. b3 g6 3. Bb2 Bg7 4. g3 d6 5. d4 c5 6. dxc5 Qa5+ 7. Nbd2 Qxc5 8.
a3 Bf5 9. Nd4 Nc6 10. Nxf5 Qxf5 11. Nf3 Qa5+ 12. Qd2 Qb6 13. Qd3 O-O 14. e3 d5
15. Bg2 Rac8 16. O-O Rfd8 17. Rab1 e6 18. Rfc1 Ne8 19. Bxg7 Nxg7 20. c4 Qa6 21.
a4 Nf5 22. Bf1 dxc4 23. Qxc4 Qb6 24. Qf4 Nb4 25. Rxc8 Rxc8 26. e4 Nd4 27. Ng5
Rc7 28. Rc1 e5 29. Qe3 Ne2+ 0-1

[Event "1.a HSL 19"]
[Site "Mali Losinj"]
[Date "2019.10.03"]
[Round "6.44"]
[White "Kurajica, Bojan"]
[Black "Zovko, Mario"]
[Result "1-0"]
[WhiteElo "2493"]
[BlackElo "2324"]
[PlyCount "133"]
[EventDate "2019.??.??"]
[WhiteTeam "Gšk Solin-Cemex Solin"]
[BlackTeam "Šk Vukovar '91 Vukovar"]

1. Nf3 d5 2. d4 c5 3. c4 dxc4 4. e3 e6 5. Bxc4 Nf6 6. O-O a6 7. b3 b5 8. Be2
Bb7 9. Bb2 Nbd7 10. a4 bxa4 11. Rxa4 Nb6 12. Ra1 Be7 13. dxc5 Qxd1 14. Rxd1
Bxc5 15. Rc1 Bd6 16. Bd4 Nbd7 17. Nbd2 Ke7 18. Nc4 Rhc8 19. Nxd6 Kxd6 20. Rxc8
Bxc8 21. Bb2 Ke7 22. Nd2 Bb7 23. Ba3+ Kd8 24. Nc4 Ne4 25. Rc1 f5 26. Na5 Bd5
27. f3 Nef6 28. Kf2 Nb8 29. Bd3 Nbd7 30. h3 Ne5 31. Be2 Kd7 32. g4 h6 33. Bb2
Nc6 34. Nb7 Nb4 35. Nc5+ Ke7 36. e4 fxe4 37. fxe4 Nxe4+ 38. Nxe4 Bxe4 39. Bxg7
Nd3+ 40. Bxd3 Bxd3 41. Bxh6 e5 42. Ke3 Bg6 43. Rc6 Bf7 44. Rc7+ Ke6 45. Bg5 Bg6
46. Rc6+ Kf7 47. h4 Rb8 48. Rc3 Rb4 49. h5 Bb1 50. Kf3 Be4+ 51. Kg3 Bd5 52.
Rc7+ Kg8 53. h6 Rxb3+ 54. Kh4 Rb6 55. Rg7+ Kh8 56. Rd7 Bb3 57. Bd2 Rc6 58. g5
Bd1 59. Bf4 exf4 60. Rxd1 Rc8 61. Kg4 a5 62. Rd4 Ra8 63. Ra4 Kh7 64. Kh5 f3 65.
g6+ Kg8 66. Rf4 a4 67. h7+ 1-0

[Event "1.a HSL 19"]
[Site "Mali Losinj"]
[Date "2019.10.03"]
[Round "6.51"]
[White "Indjic, Aleksandar"]
[Black "Grachev, Boris"]
[Result "1-0"]
[WhiteElo "2628"]
[BlackElo "2621"]
[PlyCount "89"]
[EventDate "2019.??.??"]
[WhiteTeam "Šk Đakovo Lim-Mont Đakovo"]
[BlackTeam "Šk Rijeka Rijeka"]

1. e4 c5 2. Nc3 a6 3. g3 b5 4. Bg2 Bb7 5. Nh3 e6 6. O-O b4 7. Na4 Nf6 8. Re1 e5
9. c3 c4 10. b3 bxc3 11. Nxc3 Bc5 12. bxc4 O-O 13. Rb1 Bc8 14. Na4 Bd4 15. Ng5
d6 16. Nf3 Bg4 17. Qc2 Bxf3 18. Bxf3 Nfd7 19. Bg4 Nc6 20. d3 Nc5 21. Nxc5 Bxc5
22. Qa4 Nd4 23. Be3 Rb8 24. Kg2 Rb6 25. h4 Qb8 26. Rxb6 Qxb6 27. h5 h6 28. Rf1
Nc6 29. Bc1 Rb8 30. f4 Qb7 31. Kh3 a5 32. Bf5 Qc7 33. Bd2 Bb4 34. Rb1 g6 35.
hxg6 Bxd2 36. Rxb8+ Nxb8 37. Qe8+ Kg7 38. fxe5 Bb4 39. e6 fxe6 40. Bxe6 d5 41.
Qg8+ Kf6 42. Qh8+ Kxg6 43. e5 Qg7 44. Qe8+ Kg5 45. Bg4 1-0

[Event "1.a HSL 19"]
[Site "Mali Losinj"]
[Date "2019.10.03"]
[Round "6.56"]
[White "Petrov, Jole"]
[Black "Vargic, Drago"]
[Result "0-1"]
[WhiteElo "2418"]
[BlackElo "2273"]
[PlyCount "68"]
[EventDate "2019.??.??"]
[WhiteTeam "Šk Rijeka Rijeka"]
[BlackTeam "Šk Đakovo Lim-Mont Đakovo"]

1. c4 e6 2. g3 c5 3. Bg2 Nc6 4. Nc3 a6 5. Nf3 h5 6. d4 cxd4 7. Nxd4 Ne5 8. Qa4
h4 9. O-O hxg3 10. hxg3 Nf6 11. Nb3 Nfg4 12. c5 f5 13. Qf4 d5 14. f3 g5 15.
Qxg5 Be7 16. Qf4 Ng6 17. Qd2 Nh2 18. Rd1 Qc7 19. Qe1 Bd7 20. Be3 O-O-O 21. Bf2
Rdg8 22. c6 Bxc6 23. Nd4 f4 24. Nxc6 bxc6 25. Na4 Kd7 26. Rac1 Ke8 27. Qc3 fxg3
28. Bd4 Qf4 29. Bxh8 Rxh8 30. Rd4 Qh6 31. Qxc6+ Kf7 32. Rc3 Nf4 33. Rxf4+ Qxf4
34. Qb6 Qd2 0-1

[Event "1.a HSL 19"]
[Site "Mali Losinj"]
[Date "2019.10.04"]
[Round "7.21"]
[White "Ponkratov, Pavel"]
[Black "Indjic, Aleksandar"]
[Result "0-1"]
[WhiteElo "2644"]
[BlackElo "2628"]
[PlyCount "102"]
[EventDate "2019.??.??"]
[WhiteTeam "Gšk Solin-Cemex Solin"]
[BlackTeam "Šk Đakovo Lim-Mont Đakovo"]

1. d4 d5 2. c4 c6 3. Nf3 Nf6 4. Nc3 e6 5. g3 Nbd7 6. Bg2 dxc4 7. O-O Bd6 8. Nd2
Nb6 9. a4 a5 10. e4 e5 11. Nf3 Nbd7 12. dxe5 Nxe5 13. Bf4 Nfg4 14. h3 Nxf3+ 15.
Qxf3 Ne5 16. Qe2 Nd3 17. Be3 Bb4 18. Qc2 O-O 19. Ne2 b5 20. Nd4 Qd7 21. Rfd1
Ba6 22. Nxc6 Qxc6 23. Rxd3 bxa4 24. Rd5 Bb7 25. Rdd1 Rac8 26. Rxa4 f5 27. Raa1
fxe4 28. Rd4 Rfe8 29. Rc1 c3 30. bxc3 Bc5 31. Rc4 Qd5 32. Rxc5 Rxc5 33. Bxc5
Qxc5 34. Ra1 Bd5 35. Qd2 Bb3 36. Re1 e3 37. Rxe3 Rxe3 38. fxe3 Be6 39. c4 a4
40. Bd5 Kf7 41. Qd3 g6 42. Qe4 Qd6 43. Bxe6+ Qxe6 44. Qb7+ Kf6 45. Qb2+ Qe5 46.
Qb6+ Kf5 47. Kf2 Qf6 48. c5 Ke5+ 49. Ke2 Qxb6 50. cxb6 Kd6 51. Kd3 Kc6 0-1

[Event "1.a HSL 19"]
[Site "Mali Losinj"]
[Date "2019.10.05"]
[Round "8.11"]
[White "Inarkiev, Ernesto"]
[Black "Lysyj, Igor"]
[Result "1/2-1/2"]
[WhiteElo "2693"]
[BlackElo "2596"]
[PlyCount "66"]
[EventDate "2019.??.??"]
[WhiteTeam "Šk Petar Sedlar Pepe Kaštel Novi"]
[BlackTeam "Šk Ferit-Osijek Osijek"]

1. d4 Nf6 2. c4 e6 3. Nc3 Bb4 4. f3 d5 5. a3 Bxc3+ 6. bxc3 c5 7. cxd5 Nxd5 8.
dxc5 Qa5 9. e4 Nf6 10. Be3 O-O 11. Kf2 Nfd7 12. Rb1 Rd8 13. Qb3 Qc7 14. Rd1 Rf8
15. Qc4 Na6 16. Qd4 Naxc5 17. Bb5 b6 18. Qd6 Qxd6 19. Rxd6 Ne5 20. Bxc5 bxc5
21. Ne2 a6 22. Bd3 Rb8 23. Rd1 g5 24. Bxa6 Ra8 25. Bxc8 Rfxc8 26. Ra1 Ra4 27.
Rb6 Rca8 28. Rb5 Rxa3 29. Rxa3 Rxa3 30. Ke3 Nc4+ 31. Kf2 Ne5 32. Ke3 Nc4+ 33.
Kf2 Ne5 1/2-1/2

[Event "1.a HSL 19"]
[Site "Mali Losinj"]
[Date "2019.10.05"]
[Round "8.22"]
[White "Saric, Ivan"]
[Black "Livaic, Leon"]
[Result "1-0"]
[WhiteElo "2667"]
[BlackElo "2493"]
[PlyCount "89"]
[EventDate "2019.??.??"]
[WhiteTeam "Šk Liburnija Rijeka"]
[BlackTeam "Hašk Mladost Zagreb"]

1. c4 b6 2. Nc3 Bb7 3. e4 e5 4. Nf3 Nc6 5. d4 exd4 6. Nxd4 Bb4 7. Nde2 Nge7 8.
a3 Bxc3+ 9. Nxc3 O-O 10. f4 f5 11. e5 d6 12. exd6 Qxd6 13. Qxd6 cxd6 14. Be3
Rac8 15. Rc1 Ba6 16. b4 Nb8 17. b5 Bb7 18. Kf2 Nd7 19. Be2 Nf6 20. h3 d5 21.
Rhd1 Rfd8 22. Bd4 dxc4 23. Bxf6 gxf6 24. Rxd8+ Rxd8 25. Bxc4+ Kf8 26. Ne2 Rc8
27. Rc3 Ke8 28. Be6 Rxc3 29. Nxc3 Kd8 30. Ne2 Kc7 31. Ng3 Kd6 32. Bxf5 Nxf5 33.
Nxf5+ Kc5 34. g4 Bd5 35. Ne7 Bc4 36. Ke3 Kxb5 37. Kd4 Bf7 38. Nc8 Ka4 39. Nxa7
Be6 40. f5 Bd7 41. Kd5 Kxa3 42. Kd6 Ba4 43. Ke7 b5 44. Nxb5+ Bxb5 45. Kxf6 1-0

[Event "1.a HSL 19"]
[Site "Mali Losinj"]
[Date "2019.10.05"]
[Round "8.43"]
[White "Biti, Ozren"]
[Black "Galyas, Miklos"]
[Result "1/2-1/2"]
[WhiteElo "2366"]
[BlackElo "2474"]
[PlyCount "66"]
[EventDate "2019.??.??"]
[WhiteTeam "Šk Đakovo Lim-Mont Đakovo"]
[BlackTeam "Šk Mornar Split"]

1. e4 d6 2. d4 Nf6 3. Nc3 g6 4. Be3 c6 5. Qd2 Nbd7 6. Nf3 b5 7. e5 dxe5 8. dxe5
Ng4 9. e6 fxe6 10. Ng5 Nxe3 11. Qxe3 Bh6 12. Qd4 e5 13. Qh4 Bxg5 14. Qxg5 Nf6
15. Bd3 Qd4 16. O-O Qf4 17. h4 Bf5 18. g3 Qxg5 19. hxg5 Nd7 20. Ne4 h6 21. Rfe1
hxg5 22. Nxg5 Rh5 23. Nf3 O-O-O 24. Kg2 Rf8 25. Nh4 Bxd3 26. cxd3 Rf6 27. Rac1
Rh8 28. Re3 Rhf8 29. Rc2 Kc7 30. Nf3 Rf5 31. Nh4 R5f6 32. Nf3 Rf5 33. Nh4 R5f6
1/2-1/2

[Event "1.a HSL 19"]
[Site "Mali Losinj"]
[Date "2019.10.06"]
[Round "9.11"]
[White "Ponkratov, Pavel"]
[Black "Inarkiev, Ernesto"]
[Result "1/2-1/2"]
[WhiteElo "2644"]
[BlackElo "2693"]
[PlyCount "37"]
[EventDate "2019.??.??"]
[WhiteTeam "Gšk Solin-Cemex Solin"]
[BlackTeam "Šk Petar Sedlar Pepe Kaštel Novi"]

1. Nf3 Nf6 2. c4 c5 3. Nc3 Nc6 4. e3 e5 5. d4 e4 6. Ng5 cxd4 7. exd4 Bb4 8. d5
Bxc3+ 9. bxc3 Na5 10. Ba3 d6 11. c5 O-O 12. cxd6 h6 13. Nh3 Bxh3 14. gxh3 e3
15. Qd4 exf2+ 16. Kxf2 Re8 17. Bd3 Ne4+ 18. Bxe4 Qh4+ 19. Kf3 1/2-1/2

[Event "1.a HSL 19"]
[Site "Mali Losinj"]
[Date "2019.10.06"]
[Round "9.32"]
[White "Sertic, Rudolf"]
[Black "Malakhov, Vladimir"]
[Result "0-1"]
[WhiteElo "2371"]
[BlackElo "2662"]
[PlyCount "72"]
[EventDate "2019.??.??"]
[WhiteTeam "Šk Đakovo Lim-Mont Đakovo"]
[BlackTeam "Šk Zagreb Zagreb"]

1. d4 g6 2. c4 Bg7 3. Nf3 e6 4. Nc3 Ne7 5. e4 d5 6. e5 Nbc6 7. Bg5 h6 8. Bf6
Bxf6 9. exf6 Ng8 10. Qd2 Nxf6 11. Ne5 dxc4 12. Nxc6 bxc6 13. Bxc4 a5 14. O-O-O
Ba6 15. Bb3 Qd6 16. Na4 Bb5 17. Nc5 a4 18. Bxe6 fxe6 19. Rhe1 Kf7 20. Rxe6 Qd5
21. Rde1 Rhe8 22. Qxh6 Qxd4 23. Ne4 Kxe6 24. Qxg6 Kd7 25. Nxf6+ Qxf6 26. Rd1+
Qd6 27. Qf5+ Re6 28. Qf7+ Kc8 29. Rxd6 Rxd6 30. g4 Kb7 31. g5 Rad8 32. g6 R8d7
33. Qg8 Bd3 34. g7 Bf5 35. b4 a3 36. Qb3 Rxg7 0-1